| 000 | 00553nam a2200217Ia 4500 | ||
|---|---|---|---|
| 003 | OSt | ||
| 005 | 20220923230823.0 | ||
| 006 | a|||||r|||| 00| 0 | ||
| 007 | ta | ||
| 008 | Pun | ||
| 024 | _a305,850 | ||
| 037 | _cTextual | ||
| 040 |
_aARTS _cARTS _bPun |
||
| 041 |
_2Pun _aPun |
||
| 082 | _aP153v, J6 | ||
| 100 |
_aਅਰੁਣ, ਵਿ. ਭਾ. _9159218 |
||
| 245 | 0 | _aਪੰਜਾਬੀ ਭਾFਾ ਦਾ ਇਤਿਹਾਸ | |
| 260 | _c1956 | ||
| 942 |
_hP153v, J6 _cTEXL _2CC |
||
| 999 |
_c387637 _d387637 |
||